01380nab a2200373 a 450000100060000000300080000600500170001400600190003100700150005000800410006502200140010603500210012004000260014105000220016708000120018908200150020110000340021622200340025024501320028426000830041630000100049931000180050936200270052753301640055454600300071860000200074865000280076865000360079665000260083265500320085871000190089074000350090985600620094481103FlNmELB20241217151820.0m o d | cr cn|||||||||130619s1999 sp s 000 0 spa d a1139-9325 a(OCoLC)955396873 aFlNmELBbspacFlNmELB 4aQ175bM723 1999eb a001.89104a501/.82231 aMolini Fernández, Fernando. 0aEncuentros multidisciplinares10aProactividadh[recurso electronico]bel método científico de Karl Popper aplicado al futuro /cFernando Molini Fernández. a[Madrid] :bFundación General de la Universidad Autónoma de Madrid,c1999. a12 p. aCuatrimestral0 aVol. 2, Num. 3 (1999)- aRecurso electrónico. Santa Fe, Arg.: e-libro, 2015. Disponible vía World Wide Web. El acceso puede estar limitado para las bibliotecas afiliadas a e-libro. aArtículos en español.10aPopper, Karl R. 4aCienciaxMetodología. 4aInvestigaciónxMetodología. 0aSciencexMethodology. 4aArtículos electrónicos.2 ae-libro, Corp.02aEncuentros multidisciplinares.40uhttps://elibro.net/ereader/politecnicointernacional/16047